Typing Numbers Full Name Speed Run - Statistics

General Stats
  • This quiz has been taken 100 times
  • The average score is 10 of 15
Answer Stats
Hint Answer % Correct
1 One
100%
6 Six
98%
324 Three Hundred Twenty Four
94%
54 Fifty Four
92%
98 Ninety-Eight
92%
562 Five Hundred Sixty Two
90%
23 Twenty Three
88%
768 Seven Hundred Sixty Eight
76%
234 Two Hundred Thirty Four
73%
345 Three Hundred Forty Five
59%
2,076 Two Thousand Seventy Six
41%
723 Seven Hundred Twenty Three
35%
976 Nine Hundred Seventy Six
29%
454 Four Hundred Fifty Four
22%
7,231,136 Seven Million Two Hundred Thirty One Thousand One Hundred Thirty Six
12%
No matching quizzes found
Score Distribution
Percent of People with Each Score
Percentile by Number Answered
Your Score History
You have not taken this quiz